00653nam a2200181 i 4500001000700000003000900007005001700016008004100033080002100074100002600095245008400121260005500205300002100260500009000281650003700371655004000408852002300448187332ES-MaACL20230906222901.0170605s1949 mx |||| | spa d a7:061.43(72)"19"0 aFernández, Justino.10aCatálogos de las exposiciones de arte en 1947 y 1948 / cJustino Fernández. aMéxico : b[s.n.], c1949 (fImp. Universitaria) a90 p. ; c23 cm. a"Suplemento del núm. 17 de los Anales del Instituto de Investigaciones Estéticas" 4aExposiciones de arte-zMéxico. 72tgfbneaCatálogos de exposiciones aES-MaACLj2336-F-3